Beberapa strategi kawalan disiplin dalam dua buah sekolah menengah di Negeri Selangor /
Saved in:
| Main Author: | |
|---|---|
| Format: | Thesis Book |
| Language: | Malay |
| Published: |
1983.
|
| Subjects: | |
| Tags: |
Add Tag
No Tags, Be the first to tag this record!
|
| LEADER | 01160cam a2200289 4500 | ||
|---|---|---|---|
| 001 | u35747 | ||
| 003 | SIRSI | ||
| 008 | 850208s1983 my mt 00 1 may m | ||
| 035 | |a AAD-8492 | ||
| 040 | |a UMM | ||
| 043 | |a a-my--- | ||
| 090 | |a LB3012 |b Ghao | ||
| 091 | |a Microfiche 9015 | ||
| 100 | 0 | 0 | |a Ghazalli Othman. |
| 245 | 1 | 0 | |a Beberapa strategi kawalan disiplin dalam dua buah sekolah menengah di Negeri Selangor / |c Ghazalli bin Othman. |
| 260 | |c 1983. | ||
| 300 | |a x, 210 leaves : |b ill. ; |c 27 cm. | ||
| 500 | |a Also available on microfiche. Kuala Lumpur: Perpustakaan Universiti Malaya, 1985. 4 microfiches, negative ; 11 x 15 cm. | ||
| 502 | |a Dissertation (M.Ed.) -- Fakulti Pendidikan, Universiti Malaya, 1983. | ||
| 504 | |a Bibliography: leaves 166-174. | ||
| 650 | 0 | |a School discipline |z Malaysia. | |
| 650 | 0 | |a Discipline of children |z Malaysia. | |
| 710 | 2 | 0 | |a Universiti Malaya. |b Fakulti Pendidikan. |
| 948 | |a 16/03/1991 |b 30/07/2002 | ||
| 596 | |a 1 8 | ||
| 999 | |a LB3012 GHAO |w LC |c 1 |i A002686973 |d 28/9/2016 |e 28/9/2016 |l STACKS |m P01UTAMA |n 80 |r Y |s Y |t TESIS |u 24/12/1991 | ||
| 999 | |a LB3012 GHAO |w LC |c 1 |i A506699434 |l STACKS |m P08PENDIDI |r Y |s Y |t TESIS |u 27/10/1997 | ||
